000 00955nam a2200277 a 4500
003 CO-ViMGA
005 20230915233132.0
008 120929s2011 ck ab gr 000 0dspa d
020 _a9789588293813
040 _aCO-ViMGA
_bspa
_cCO-ViMGA
043 _ack
082 0 4 _aR 305.5
_bM24c
100 1 0 _aMejia Vallejo, Manuel,
_d1923-1998
_922454
245 1 0 _aColombia campesina
_cManuel Mejia Vallejo
250 _a2a. edicin̤
260 _aBogot
_bVillegas Editores
_c2011
300 _a207 pg̀inas
_bilustraciones, mapas
_c32 cm.
500 _aDonacion Villegas Editores
650 1 4 _aCampesinos
_zColombia
_vFotografa̕s
_2LEMB
_920142
650 1 4 _aPoblacion rural
_zColombia
_vFotografa̕s
_2LEMB
_920563
650 1 4 _aVida en el campo
_zColombia
_vFotografa̕s
_2LEMB
_920143
651 4 _aColombia
_x Descripcin̤
_vFotografa̕s
_920144
700 1 0 _aBenjamin, Villegas
_eeditor
_922455
700 1 0 _aCedeǫ, Mercedes
_920534
942 _2ddc
_cREF
999 _c9430
_d9430